Normal view
MARC view
- الوطن العربي -تاريخ ، الحروب الصليبية
Entry Topical Term
001 - CONTROL NUMBER
- control field: 48949
003 - CONTROL NUMBER IDENTIFIER
- control field: JO-AjAnu
005 - DATE AND TIME OF LATEST TRANSACTION
- control field: 20230606082053.0
008 - FIXED-LENGTH DATA ELEMENTS
- fixed length control field: 230606|| aca||aabn | a|a d
040 ## - CATALOGING SOURCE
- Original cataloging agency: JO-AjAnu
- Transcribing agency: JO-AjAnu
150 ## - HEADING--TOPICAL TERM
- Topical term or geographic name entry element: الوطن العربي -تاريخ ، الحروب الصليبية
670 ## - SOURCE DATA FOUND
- Source citation: Work cat.: (JO-AjAnu)25037: تاليف المعاصيدي، خاشع،محمد، سوادي عبد، نوري، دريد عبد القادر, author 48948, تأريخ الوطن العربي والغزو الصليبي